• 首页
  • 本馆介绍
  • 公告通知
  • 最新文献
  • 馆藏检索
  • 电子资源
  • 读者导购
  • 参考咨询
  • 我的图书馆
  • 登录
  • 详细信息显示
  • 放入我的书架
  • 预约/预借图书
  • 作者相关作品
  • 分类相关作品
  • 丛书相关作品
  • 出版社相关作品

书目信息

  • 表格格式
  • 工作单格式
  • 卡片格式
题名:
现代病虫测报建设进展
    
 
作者: ;全国农业技术推广服务中心 主编
分册:  
出版信息: 北京   中国农业出版社  2018
页数: 355页
开本: 26cm
丛书名:
单 册:
中图分类: S431
科图分类:
主题词: 虫害测报--chong hai ce bao
电子资源:
ISBN: 978-7-109-24466-5
000 00988nam0 2200253 450
001 012001000102
005 20131105095834.0
010    @a978-7-109-24466-5@dCNY100.00
099    @aCAL 012019013461
100    @a20181108d2018 em y0chiy50 ea
101 0  @achi
102    @aCN@b110000
105    @aak a 000yy
106    @ar
200 1  @a现代病虫测报建设进展@Axian dai bing chong ce bao jian she jin zhan@f全国农业技术推广服务中心主编
210    @a北京@c中国农业出版社@d2018
215    @a355页@c图@d26cm
320    @a有书目
330    @a本书分为工作研讨、体系建设、技术研究、新型工具四部分,收录了《水稻病虫观测场的选址布局及田间管理》《新形势下山东基层测报体系调研报告》《迁飞性害虫主要监测技术的发展概况》《新型测报工具应用试验初报》等文章。
606 0  @a虫害测报@Achong hai ce bao
690    @aS431@v5
711 02 @a全国农业技术推广服务中心@Aquan guo nong ye ji shu tui guang fu wu zhong xin@4主编
801  0 @aCN@b北京卓展文化@c20191020
905    @b1195361-3@dS431@e150@f3
    
    现代病虫测报建设进展/全国农业技术推广服务中心主编.-北京:中国农业出版社,2018
    355页:图;26cm
    
    
    ISBN 978-7-109-24466-5:CNY100.00
    本书分为工作研讨、体系建设、技术研究、新型工具四部分,收录了《水稻病虫观测场的选址布局及田间管理》《新形势下山东基层测报体系调研报告》《迁飞性害虫主要监测技术的发展概况》《新型测报工具应用试验初报》等文章。
●
相关链接 在E读中查询图书 在五车中查询图书 在当当中查询图书 在豆瓣中查询图书


正题名:现代病虫测报建设进展     索取号:S431/150         预约/预借

序号 登录号 条形码 馆藏地/架位号 状态 备注
1 1195361   211953616   第二样本阅览室/ [索取号:S431/150] 在馆    
2 1195362   211953625   第三借阅区/ [索取号:S431/150] 在馆    
3 1195363   211953634   第三借阅区/ [索取号:S431/150] 在馆    
唐山师范学院图书馆 欢迎您!
大连网信软件有限公司© 版权所有